Beginning Kubernetes on the Google Cloud Platform : A Guide to Automating Application Deployment, Scaling, and Management /

Use this beginner's guide to understand and work with Kubernetes on the Google Cloud Platform and go from single monolithic Pods (the smallest unit deployed and managed by Kubernetes) all the way up to distributed, fault-tolerant stateful backing stores. You need only a familiarity with Linux,...

Full description

Bibliographic Details
Main Author: Garbarino, Ernesto (Author)
Corporate Author: Safari, an O'Reilly Media Company
Format: eBook
Language:English
Published: Apress, 2019.
Edition:1st edition.
Subjects:
Online Access:Connect to this electronic resource

MARC

Tag First Indicator Second Indicator Subfields
LEADER 00000uam a2200000 a 4500
001 in00004144313
005 20260128221605.6
006 m o d
007 cr cn
008 291119s2019 xx o eng
020 |z 9781484254912 
035 |a (CaSebORM)9781484254912 
040 |d UtOrBLW 
041 0 |a eng 
100 1 |a Garbarino, Ernesto,  |e author. 
245 1 0 |a Beginning Kubernetes on the Google Cloud Platform :  |b A Guide to Automating Application Deployment, Scaling, and Management /  |c Garbarino, Ernesto. 
250 |a 1st edition. 
264 1 |b Apress,  |c 2019. 
300 |a 1 online resource (331 pages) 
336 |a text  |b txt  |2 rdacontent 
337 |a computer  |b c  |2 rdamedia 
338 |a online resource  |b cr  |2 rdacarrier 
347 |a text file 
520 |a Use this beginner's guide to understand and work with Kubernetes on the Google Cloud Platform and go from single monolithic Pods (the smallest unit deployed and managed by Kubernetes) all the way up to distributed, fault-tolerant stateful backing stores. You need only a familiarity with Linux, Bash, and Python to successfully use this book. Proficiency in Docker or cloud technology is not required. You will follow a learn-by-doing approach, running small experiments and observing the effects. Google open sourced Kubernetes in 2015 and now it is the industry standard in container orchestration. It has been adopted by all leading vendors of cloud, on-prem, and hybrid infrastructure services: Microsoft (Azure AKS), Amazon (AWS EKS), IBM (IBM Cloud Kubernetes Services), Alibaba Cloud (ACK), RedHat (OpenShift), and Pivotal (PKS). Even though Kubernetes is offered by all of the market-leading cloud providers, the Google Cloud Platform (GCP) offers an integrated shell (Google Cloud Shell) and a $300 credit to get started, which makes it the ideal platform to not only learn Kubernetes but also to implement final production workloads. What You Will Learn Set up a Kubernetes cluster in GCP Deploy simple Docker images using monolithic Pods Arrange highly available and highly scalable applications using Deployments Achieve zero-downtime deployments using the Service controller Externalize configuration using ConfigMaps and Secrets Set up batch processes and recurrent tasks using Jobs and CronJobs Install horizontal (sidecar pattern) services using DaemonSets Implement distributed, stateful backing stores using StatefulSets Who This Book Is For Beginners with basic Linux admin and scripting skills (Bash and Python). Proficiency with Docker is not required as all examples in the book use off-the-shelf public images from Docker Hub.  
533 |a Electronic reproduction.  |b Boston, MA :  |c Safari,  |n Available via World Wide Web.  |d 2019. 
538 |a Mode of access: World Wide Web. 
542 |f © Copyright 2019 Ernesto Garbarino.  |g 2019 
588 |a Online resource; Title from title page (viewed November 28, 2019) 
500 |a Electronic resource. 
655 7 |a Electronic books.  |2 local 
710 2 |a Safari, an O'Reilly Media Company. 
856 4 0 |u https://proxy.library.tamu.edu/login?url=https://go.oreilly.com/TAMU/library/view/-/9781484254912/?ar  |z Connect to this electronic resource  |t 0 
999 f f |s 28e8e965-a1a4-3de7-b995-a23912611343  |i d43e9a44-1a48-387b-a62b-a53b118c3d53  |t 0 
952 f f |a Texas A&M University  |b College Station  |c Electronic Resources  |s www_evans  |d Available Online  |t 0  |h No information provided 
998 f f |t 0  |l Available Online